000 00695nam a2200253Ia 4500
003 OSt
005 20220926023054.0
006 a|||||r|||| 00| 0
007 ta
008 220923b |||||||| |||| 00| 0 eng d
020 _a0471040320
037 _cGeneral Book
040 _aRTL
_cRTL
_beng
041 _2eng
_aeng
082 _aX:513, L8
100 _aSiegel Gonnie McClung
_9328628
245 0 _aHow to advertise and promote your small business
260 _aNew York
_bWiley
_c1978
300 _a128p
_ccm.
500 _aBibliography: p 125-126
650 _aAdvertising
942 _hX:513, L8
_cGB
_2CC
999 _c640889
_d640889